Vista normal
Vista MARC
Entrada Corporate Name
Número de registros utilizados en: 1
001 - CONTROL NUMBER
- control field: 22876
003 - CONTROL NUMBER IDENTIFIER
- control field: OSt
005 - DATE AND TIME OF LATEST TRANSACTION
- control field: 20230915230852.0
008 - FIXED-LENGTH DATA ELEMENTS
- fixed length control field: 230915|| aca||aabn | a|a d
040 ## - CATALOGING SOURCE
- Original cataloging agency: OSt
- Transcribing agency: OSt
110 ## - HEADING--CORPORATE NAME
- Corporate name or jurisdiction name as entry element: Memorias del seminario internacional sobre rehabilitación del minusvalido . Bogotá , 1985
670 ## - SOURCE DATA FOUND
- Source citation: Work cat.: (OSt)25935: Ministerio de trabajo y seguridad social, 22875, Formación y trabajo : , Ministerio de trabajo y seguridad social